| 000 | 00712cab a2200217 4500 | ||
|---|---|---|---|
| 001 | WB3319-29 | ||
| 008 | 090401t1997 xxu||||| |||| 00| 0 eng d | ||
| 035 | _a(Sirsi) u78325 | ||
| 041 | _aeng | ||
| 245 | _aBank lending to UK residents | ||
| 260 | _c1997 | ||
| 350 | _a0 | ||
| 490 |
_aBank of England Statistical Release _v12 May 1997, (8) |
||
| 520 | _aTotal bank lending to UK residents rose by £21bn in 1Q 1997, according to the latest statistics by the Bank of England. Detailed analysis by industrial sectors. | ||
| 650 | _aBANK LENDING | ||
| 650 | _aINSTITUTIONAL INVESTMENT | ||
| 650 | _aSTATISTICS | ||
| 690 | _aPROPERTY-PROPERTY FINANCE AND INVESTMENT | ||
| 942 | _n0 | ||
| 948 | _c15/05/1997 | ||
| 999 |
_c49291 _d49291 |
||